Construction management / (Record no. 1657)

000 -LEADER
fixed length control field 00469 a2200133 4500
020 ## - INTERNATIONAL STANDARD BOOK NUMBER
International Standard Book Number 0471083933 (cloth : alk. paper)
082 ## - DEWEY DECIMAL CLASSIFICATION NUMBER
Classification number 624.068 HAL
100 ## - MAIN ENTRY--PERSONAL NAME
Personal name Halpin, Daniel W.
245 ## - TITLE STATEMENT
Title Construction management /
Statement of responsibility, etc. Daniel W. Halpin, Ronald W. Woodhead.
250 ## - EDITION STATEMENT
Edition statement 2nd ed.
260 ## - PUBLICATION, DISTRIBUTION, ETC.
Place of publication, distribution, etc. New York :
Name of publisher, distributor, etc. Wiley,
Date of publication, distribution, etc. 1998.
300 ## - PHYSICAL DESCRIPTION
Extent xv, 444 p. :
Other physical details ill. ;
Dimensions 26 cm.
650 ## - SUBJECT ADDED ENTRY--TOPICAL TERM
Topical term or geographic name entry element Construction industry
Geographic subdivision United States
General subdivision Management.
650 ## - SUBJECT ADDED ENTRY--TOPICAL TERM
Topical term or geographic name entry element Construction industry
General subdivision Law and legislation
Geographic subdivision United States.
Holdings
Withdrawn status Lost status Damaged status Not for loan Permanent Location Current Location Shelving location Date acquired Total Checkouts Full call number Barcode Date last seen Date last checked out Price effective from Koha item type
        School of Civil and Environmental Engineering (SCEE) School of Civil and Environmental Engineering (SCEE)     1 624.068 HAL NIT-3587 12/08/2023 11/14/2023 01/05/2017 Book
        School of Civil and Environmental Engineering (SCEE) School of Civil and Environmental Engineering (SCEE)     1   NIT-3586 09/22/2021 07/05/2021 01/05/2017 Book
© 2023 Central Library, National University of Sciences and Technology. All Rights Reserved.